000 00343 a2200157 4500
001 192389
020 _a978-85-86218-36-1
040 _cMagnum
100 _aQueirós, Bartolomeu Campos de
240 1 0 _aAntes do depois
_lpor
245 1 0 _aAntes do depois
300 _a48
362 0 _a2006
697 _aLITERATURA JUVENIL
942 _cBK
999 _c192389
_d192389